00463nam a22001457a 4500003000900000005001700009008003100026020001600057040002800073082001100101245008600112246003400198260004300232300004200275DO-SdBNP20171129103951.0171129b 1995 sp 00| 0 spa d a 8479710748 aDO-SdBNPbspacDO-SdBNP assbss aBritannia : bdiccionario castellano - Inglés = Britannia english - espanish /  aBritannia english - espanish  aMadrid :bServilibro Ediciones, c1995 a1v. con varias paginaciones c21 cm.